Devine la Pop Star - Statistiques

Statistiques générales
  • Ce quiz a été pris 171 fois
  • Le résultat moyen est 5 sur 11
Statistiques - réponses
Hint Réponse % Correct
Elle a embrassé une fille et elle a aimé ça Katy Perry
87%
Identifiable par ses looks extravagants, cette blonde a eu du succès autant dans la musique que dans le cinéma. Lady Gaga
84%
Artiste féminine avec le plus grand nombre de Grammy Awards Beyoncé
78%
Vous reconnaîtriez cette vocaliste entre mille avec sa queue de cheval caractéristique Ariana Grande
76%
Héroïne nationale, business woman milliardaire, tout réussit à cette chanteuse aux multiples records Rihanna
69%
Ses albums ont pour titres des signes mathématiques Ed Sheeran
51%
Cette diva aux performances vocales hors normes est associée à une fête annuelle Mariah Carey
50%
Danseuse et actrice, elle a incarné une star latine au cinéma Jennifer Lopez
21%
Inspiration de nombreuses superstars, cette grande danseuse fait partie d’une famille légendaire de la musique Janet Jackson
9%
Idole d’une génération d’adolescentes, le violet est sa couleur Justin Bieber
9%
Cette nouvelle icône a popularisé le Bacardi Tyla
6%
Aucun quiz correspondant
Distribution des résultats
% des personnes avec chaque résultat
Percentile par nombre de réponses
Votre historique - résultats
Vous n’avez pas pris ce quiz